Statistics for Europas lande

Click here to take the quiz!

General Stats

  • This quiz has been taken 5 times
  • The average score is 37 of 45

Answer Stats

HintSvar% Correct
AAndorra
100%
BBosnien-Hercegovina
100%
BBulgarien
100%
DDanmark
100%
EEstland
100%
FFrankrig
100%
GGrækenland
100%
HHolland
100%
HHviderusland
100%
IIsland
100%
KKosovo
100%
LLetland
100%
LLitauen
100%
LLuxembourg
100%
MMalta
100%
MMoldova
100%
MMontenegro
100%
NNordmakedonien
100%
NNorge
100%
PPortugal
100%
RRusland
100%
SSan Marino
100%
SSerbien
100%
SSlovakiet
100%
SSlovenien
100%
SSpanien
100%
SSverige
100%
TTjekkiet
100%
UUkraine
100%
VVatikanstaten
100%
AAlbanien
50%
BBelgien
50%
FFinland
50%
IIrland
50%
KKroatien
50%
LLichtenstein
50%
MMonaco
50%
ØØstrig
50%
RRumænien
50%
SSchweiz
50%
SStorbritannien
50%
TTyskland
50%
UUngarn
50%
IItalien
0%
PPolen
0%

Score Distribution

Percentile by Number Answered

Percent of People with Each Score

Your Score History

You have not taken this quiz